Ronde des mots (Wordscapes) - Pays du Monde - Statistiques

Statistiques générales
  • Ce quiz a été pris 227 fois
  • Le résultat moyen est 9 sur 14
Statistiques - réponses
Pays % Correct
Iran
81%
Russie
76%
Lettonie
73%
Italie
70%
Laos
70%
Lituanie
70%
Tunisie
70%
Estonie
69%
Nauru
62%
Australie
61%
États-Unis
53%
Israël
53%
Suisse
53%
Sierra Leone
47%
Aucun quiz correspondant
Distribution des résultats
% des personnes avec chaque résultat
Percentile par nombre de réponses
Votre historique - résultats
Vous n’avez pas pris ce quiz